000
00341nam a2200133Ia 4500
008
151001s9999||||xx |||||||||||||| ||und||
100
_a
ज्ञानेश महाराव
245
_a
उत्तर क्रिया
250
_a
1
260
_b
पुण्य
260
_c
2000
300
_a
223
365
_b
21
999
_c
978140
_d
978137